000
00293nam a22001097a 4500
041
_a
eng
080
_a
80
100
_a
Каушанская, В. Л.
245
_a
Сборник упражнений по грамматике англ. языка.
650
_a
English Grammar
999
_c
280447
_d
280447
942
_c
BK